[Event "Bisaccia op 2nd"]
[Site "Bisaccia"]
[Date "2010.05.29"]
[Round "1"]
[White "Gentile, Leonardo"]
[Black "Galasso, Luigi"]
[Result "0-1"]
[WhiteElo "1816"]
[BlackElo "2051"]
[PlyCount "77"]
[EventDate "2010.05.29"]
[EventType "swiss"]
[EventRounds "7"]
[EventCountry "ITA"]
[SourceTitle "EXT 2024"]
[Source "ChessBase"]
[SourceDate "2023.10.10"]
[SourceVersion "1"]
[SourceVersionDate "2023.10.10"]
[SourceQuality "1"]

1. d4 Nf6 2. c4 g6 3. Nc3 Bg7 4. e4 d6 5. Be2 0-0 6. Nf3 e5 7. dxe5 dxe5 8. Qxd8 Rxd8 9. 0-0 Na6 10. Be3 Bg4 11. h3 Bxf3 12. Bxf3 c6 13. a3 b6 14. b4 Nc7 15. Rad1 Ne6 16. b5 c5 17. g4 Nd4 18. Kg2 Kf8 19. Bxd4 cxd4 20. Nd5 Nxd5 21. cxd5 Bh6 22. Rd3 Rac8 23. h4 Bf4 24. g5 Rc5 25. Rb1 Rdc8 26. Bg4 Rc3 27. Rb3 Rxd3 28. Rxd3 Rc5 29. Rb3 Ke7 30. Bf3 Kd6 31. Kh3 Rc2 32. Kg2 Be3 33. h5 Rxf2+ 34. Kg3 Rc2 35. Kg4 Rc1 36. hxg6 hxg6 37. Kh3 Bxg5 38. Be2 Be3 39. Kg2 0-1